|
|
|
|
| LEADER |
00000nam0a2200000 4500 |
| 001 |
77011 |
| 005 |
20231031092035.0 |
| 010 |
|
|
|a 5212002885
|
| 020 |
|
|
|a RU
|b 91-254и
|
| 035 |
|
|
|a (RuTPU)RU\TPU\book\82590
|
| 090 |
|
|
|a 77011
|
| 100 |
|
|
|a 20050511d1990 m y0rusy5003 ca
|
| 101 |
0 |
|
|a rus
|
| 102 |
|
|
|a RU
|
| 105 |
|
|
|a aho z 001zy
|
| 200 |
1 |
|
|a Декор и орнамент в книге
|f М. В. Большаков
|
| 210 |
|
|
|a Москва
|c Книга
|d 1990
|
| 215 |
|
|
|a 157,[2] с.
|c ил., цв. ил.
|d 30 см
|
| 320 |
|
|
|a Примечания: с.156
|
| 320 |
|
|
|a Библиогр.: с. 157.
|
| 610 |
1 |
|
|a оформление книги
|
| 610 |
1 |
|
|a история книги
|
| 610 |
1 |
|
|a книжный декор
|
| 610 |
1 |
|
|a книжный орнамент
|
| 610 |
1 |
|
|a печатные книги
|
| 610 |
1 |
|
|a рукописные книги
|
| 610 |
1 |
|
|a альбомы
|
| 610 |
1 |
|
|a история декора
|
| 610 |
1 |
|
|a история орнамента
|
| 675 |
|
|
|a 76:655
|v 3
|
| 686 |
|
|
|a Ч611.68
|v LBC/SL-A
|2 rubbk
|
| 700 |
|
1 |
|a Большаков
|b М. В.
|g Михаил Варлаамович
|4 070
|
| 801 |
|
0 |
|a RU
|b RuMRKP
|c 19950417
|g psbo
|
| 801 |
|
1 |
|a RU
|b 63413507
|c 20050511
|g PSBO
|
| 801 |
|
2 |
|a RU
|b 63413507
|c 20140528
|g PSBO
|
| 942 |
|
|
|c BK
|